Labour markets in Visegrad countries ten years after 2004 EU enlargement
Svetová hospodárska kríza a trh práce v krajinách V4. Ekonomický rozvoj a vývoj na trhu práce v krajinách V4. Vybrané špecifiká miery nezamestnanosti a rozvoj zamestnanosti v týchto krajinách.
Enregistré dans:
| Auteur principal: | |
|---|---|
| Format: | Chapitre de livre |
| Langue: | anglais |
| Sujets: | |
| Tags: |
Pas de tags, Soyez le premier à ajouter un tag!
|
MARC
| LEADER | 00000nla a2200000 4500 | ||
|---|---|---|---|
| 001 | 0204272 | ||
| 005 | 20240502083512.9 | ||
| 041 | 0 | |a eng | |
| 044 | |a IT | ||
| 245 | 1 | 0 | |a Labour markets in Visegrad countries ten years after 2004 EU enlargement |c Roman Klimko |
| 520 | |a Svetová hospodárska kríza a trh práce v krajinách V4. Ekonomický rozvoj a vývoj na trhu práce v krajinách V4. Vybrané špecifiká miery nezamestnanosti a rozvoj zamestnanosti v týchto krajinách. | ||
| 610 | 2 | 0 | |a Vyšehradská štvorka |
| 610 | 2 | 0 | |a trh práce |
| 610 | 2 | 0 | |a zamestnanosť |
| 610 | 2 | 0 | |a politika zamestnanosti |
| 610 | 2 | 0 | |a ponuka práce |
| 610 | 2 | 0 | |a flexikurita |
| 610 | 2 | 0 | |a nezamestnanosť |
| 100 | 1 | |a Klimko, Roman, 1985- | |